000 00312nam a2200109 4500
999 _c11355
_d11355
008 181117b ||||| |||| 00| 0 eng d
245 _aLingering drought threatens holy land's waters.
260 _aPhilippines
_bThe Philippine Star
_cc2018
300 _apage B-3.
650 0 _932614
_aDroughts.
942 _2ddc
_cPER